| 000 | 00537nam a22001817a 4500 | ||
|---|---|---|---|
| 005 | 20251108173209.0 | ||
| 008 | 250721s9999 xx 000 0 ara d | ||
| 082 | 1 | 4 | _a811.06/أمي |
| 100 | 1 | _aالأميري، عمر بهاء الدين | |
| 245 | 1 | 0 | _aنجاوى محمدية / |
| 264 | 1 |
_aعمان : _bدار المناهج للنشر والتوزيع، |
|
| 300 | _a383ص | ||
| 650 | 1 | 7 | _aالشعر العربي |
| 650 | 1 | 7 | _aالشعر الديني |
| 650 | 1 | 7 | _aعصر الإسلام |
| 942 |
_2ddc _cBK |
||
| 999 |
_c98293 _d98293 |
||